Horror/Thriller Movies by Opening Scene Quiz Stats

 Plays Quiz not verified by Sporcle

Score 0/30 Timer 10:00
0 Plays Today
% Correct
Scream
88.2%
Shutter Island
79.9%
Dracula
79.8%
The Shining
79.8%
A Nightmare on Elm Street
79%
American Psycho
78.4%
The Birds
74.3%
Friday the 13th
70.3%
Se7en
69.9%
Halloween
69.8%
Get Out
68.7%
Psycho
67.9%
The Silence of the Lambs
66.3%
Gone Girl
62.6%
Alien
62%
% Correct
The Amityville Horror
59.8%
Nightcrawler
59.4%
It Follows
57.1%
An American Werewolf in London
53.2%
The Omen
50.4%
The Thing
42.2%
1408
42%
Night of the Living Dead
41.3%
Jaws
38.5%
The Exorcist
37.7%
Prisoners
32.2%
Nosferatu
30.8%
Primal Fear
22.2%
The Conjuring
20.9%
Zodiac
18.8%

You're not logged in!

Compare scores with friends on all Sporcle quizzes.
OR
Log In

You Might Also Like...

Show Comments

Extras

Top Quizzes Today


Score Distribution

Your Account Isn't Verified!

In order to create a playlist on Sporcle, you need to verify the email address you used during registration. Go to your Sporcle Settings to finish the process.

Report this User

Report this user for behavior that violates our Community Guidelines.

Details: